00445nam a2200157Ia 4500008004100000020001800041041001200059082002200071100003600093245005400129260003300183300001500216650002900231942000800260999001900268240404s9999 xx 000 0 und d a9781484278710 aEnglish a005.8  DAS;1  R aDaswani, Neil. Elbayadi, Moudy. 0aBig breaches : cybersecurity lessons for everyone c2021bApress MediaaNew York axlvii, 427 aJava,compatible,java,5,6 cREF c296509d296509